Hasičský záchranný sbor České republiky

Korporativní autor: Česko. Hasičský záchranný sbor
Jazyk: Čeština
Vydáno: Praha : MV - generální ředitelství HZS ČR, 2003
Témata:
Fyzický popis: [20] s. : barev. il., mapy ; 30 cm
Knihy
Uloženo v:
LEADER 01176nam a2200337 a 4500
001 000945200
003 CZ BrMZK
005 20090814100656.0
007 ta
008 090610s2003 xr ab e f 000 0 cze
020 |q (Brož.) :  |c neprodejné 
040 |a BOA001  |b cze 
043 |a e-xr--- 
072 7 |a 614.84  |x Požáry. Ochrana před požáry  |2 Konspekt  |9 14 
080 |a 614.842.83  |2 MRF 
080 |a 614.84  |2 MRF 
080 |a (437.3)  |2 MRF 
080 |a (036)  |2 MRF 
110 1 |a Česko.  |b Hasičský záchranný sbor  |7 kn20020808025 
245 1 0 |a Hasičský záchranný sbor České republiky 
260 |a Praha :  |b MV - generální ředitelství HZS ČR,  |c 2003 
300 |a [20] s. :  |b barev. il., mapy ;  |c 30 cm 
500 |a Název z obálky 
610 1 7 |a Česko.  |b Hasičský záchranný sbor  |7 kn20020808025  |2 czenas 
650 0 7 |a hasičské sbory  |7 ph162652  |z Česko  |2 czenas 
650 0 7 |a požární ochrana  |7 ph124487  |z Česko  |2 czenas 
655 7 |a informační publikace  |7 fd132454  |2 czenas 
910 2 |a BOA001  |b 4-1227.385 
990 |a BK 
991 |b 200908 
996 6 |b 2610384643  |c 4-1227.385  |l MZK  |r Sklad / do 1 hodiny  |n 6  |p p.v.  |w 000945200  |u 000010  |a 1  |e BOA001  |j MZK50  |s P